|
|
|
|
| LEADER |
00000nam a2200000 i 4500 |
| 001 |
1/11657 |
| 008 |
000913s gre d |
| 035 |
|
|
|l 10063916
|
| 040 |
|
|
|a GR-MY-UA
|b gre
|e aacr
|
| 041 |
0 |
|
|a gre
|
| 082 |
0 |
|
|a 709.0214
|
| 100 |
1 |
|
|a Μιχελής, Παναγιώτης Α.
|
| 245 |
1 |
0 |
|a Αισθητική θεώρηση της βυζαντινής τέχνης /
|c Π. Α. Μιχελή
|
| 250 |
|
|
|a 3η έκδ.
|
| 260 |
|
|
|a Αθήναι :
|b [χ.ό.],
|c 1977
|
| 300 |
|
|
|a 342 σ.;
|c 26 cm
|
| 650 |
0 |
0 |
|a Art, Byzantine.
|
| 650 |
0 |
0 |
|a Architecture, Byzantine.
|
| 650 |
0 |
0 |
|a Painting, Byzantine.
|
| 852 |
|
|
|a INST
|b RHODES
|e 20000913
|h 709.0214 ΜΙΧ
|p 005400013289
|q 005400013289
|t BK
|y 0
|
| 901 |
|
|
|a BIBL4-2000-3
|
| 909 |
|
|
|a Ρ
|b 078581
|
| 922 |
|
|
|a 4ΔΩΡ
|b 200005
|
| 970 |
|
|
|z 2000/09/ΣΟΦΙΑ
|